ბათუმის შოთა რუსთაველის სახელმწიფო უნივერსიტეტის ბიბლიოთეკა

მეთოდური მითითებები ლაბორატორიული სამუშაოების ჩასატარებლად ელექტრული წრედების თეორია I-ში / (ბიბ.ჩანაწერი № 58029)

000 -ლიდერი
ფიქსირებული სიგრძის საკონტროლო ველი 01242nam a22002177a 4500
003 - საკონტროლო ნომრის იდენტიფიკატორი
საკონტროლო ველი Ge_BSU
005 - ბოლო ოპერაციის თარიღი და დრო
საკონტროლო ველი 20210518130609.0
008 - ფიქსირებული სიგრძის მონაცემთა ელემენტები - ზოგადი ინფორმაცია
ფიქსირებული სიგრძის საკონტროლო ველი 210518s2018 ge ||||| |||| 00| 0 geo d
020 ## - წიგნის საერთაშორისო სტანდარტული ნომერი
International Standard Book Number 9789941262531
041 ## - ენის კოდი
Language code of text/sound track or separate title geo
080 ## - უნივერსალური ათობითი კლასიფიკაციის ინდექსი
Universal Decimal Classification number 621.3.011.7(072) ჯ - 21
100 ## - მთავარი ჩანაწერი - პიროვნების სახელი
Personal name ჯანელიძე, ოთარ.
9 (RLIN) 1743
245 ## - ცნობა სათაურის შესახებ
Title მეთოდური მითითებები ლაბორატორიული სამუშაოების ჩასატარებლად ელექტრული წრედების თეორია I-ში /
Statement of responsibility, etc ოთარ ჯანელიძე ; რედაქტორი ნუგზარ ჭედია ; ბათუმის შოთა რუსთაველის სახელმწ. უნ-ტი.
264 ## - წარმოების, გამოცემის, დისტრიბუციის და სხვა ცნობები
გამოცემის, წარმოების, დისტრიბუციის... ადგილი თბილისი :
გამოცემის, წარმოების, დისტრიბუციის... სახელწოდება უნივერსალი,
გამოცემის, წარმოების, დისტრიბუციის... თარიღი 2018.
300 ## - ფიზიკური აღწერა
Extent 82 გვ. :
Other physical details ნახ., ცხრ. ;
Dimensions 20 სმ.
504 ## - BIBLIOGRAPHY, ETC. NOTE
Bibliography, etc ბიბლიოგრ.: გვ. 79.
653 ## - INDEX TERM--UNCONTROLLED
Uncontrolled term ელექტრული წრედები
653 ## - INDEX TERM--UNCONTROLLED
Uncontrolled term მეთოდური მითითებები.
700 ## - ADDED ENTRY--PERSONAL NAME
Personal name ჭედია, ნუგზარ
Relator term რედაქტორი
9 (RLIN) 6249
942 ## - ADDED ENTRY ELEMENTS (KOHA)
Source of classification or shelving scheme
Koha item type წიგნი
ეგზემპლარები
ჩამოწერის სტატუსი დაკარგული ეგზემპლარის სტატუსი კლასიფიკაციის წყარო ან თაროზე გაწყობის სქემა დაზიანების სტატუსი არ გაიცემა მუდმივი მდებარეობა (დაცვის ადგილი) ამჟამინდელი ადგილსამყოფელი თაროზე განთავსების ადგილი შეძენის თარიღი ღირებულება, შესყიდვის ნორმალური ფასი სრული შენახვის შიფრი შტრიხკოდი ბოლო ოპერაციის თარიღი ეგზემპლარის მიმდევრობითი ნომერი (კეტერი?) ფასის ძალაში შესვლის თარიღი ეგზემპლარის სახეობა საჯარო შენიშვნა
          ტექნოლოგიური ფაკულტეტის ბიბლიოთეკა ტექნოლოგიური ფაკულტეტის ბიბლიოთეკა წიგნსაცავი 2021-05-18 5.00 621.3.011.7(072) ჯ - 21 61330 2021-05-18 61330 2021-05-18 წიგნი 5 ლ.